Central Library OPAC University of Rajshahi

যজুর্বেদ-সংহিতা / (Record no. 41335)

MARC details
000 -LEADER
fixed length control field 00994nam a2200241 a 4500
001 - CONTROL NUMBER
control field 41335
003 - CONTROL NUMBER IDENTIFIER
rucl marc code BD-RjUL
005 - DATE AND TIME OF LATEST TRANSACTION
control field 20211209053352.0
008 - FIXED-LENGTH DATA ELEMENTS--GENERAL INFORMATION
fixed length control field 160529t19891975ii ||||| |||| 00| 0 ben d
020 ## - INTERNATIONAL STANDARD BOOK NUMBER
Terms of availability : Tk. 100.00 (V-4)
035 ## - SYSTEM CONTROL NUMBER
System control number (BD-RjUL) 41452
040 ## - CATALOGING SOURCE
Original cataloging agency BD-RjUL
Language of cataloging ben
Transcribing agency BD-RjUL
041 ## - LANGUAGE CODE
Language code of text/sound track or separate title ben
082 ## - DEWEY DECIMAL CLASSIFICATION NUMBER
Edition number 23
Classification number 294.59214
Author mark and year YAJ 1989
245 00 - TITLE STATEMENT
Title যজুর্বেদ-সংহিতা /
Statement of responsibility, etc. বিজনবিহারী গোস্বামী, অনুবাদ ও সম্পাদনা
260 ## - PUBLICATION, DISTRIBUTION, ETC. (IMPRINT)
Place of publication, distribution, etc. কলকাতা :
Name of publisher, distributor, etc. হরফ প্রকাশনী,
Date of publication, distribution, etc. ১৯৭৫ [মুদ্রণ ১৯৮৯]
300 ## - PHYSICAL DESCRIPTION
Pagination খণ্ড ;
Size ২২ সেমি.
505 0# - FORMATTED CONTENTS NOTE
Formatted contents note খণ্ড ৪ (শুল্ক-কৃষ্ণ) ---
650 ## - SUBJECT ADDED ENTRY--TOPICAL TERM
Topical term or geographic name as entry element যজুর্বেদ
9 (RLIN) 119076
Topical term or geographic name as entry element Yajurveda
9 (RLIN) 119077
700 ## - ADDED ENTRY--PERSONAL NAME
Personal name গোস্বামী, বিজনবিহারী, অনুবাদ ও সম্পাদনা
942 ## - ADDED ENTRY ELEMENTS (KOHA)
Source of classification or shelving scheme Dewey Decimal Classification
Koha item type Books
Holdings
Lost status Source of classification or shelving scheme Damaged status Not for loan Collection code Permanent Location Current Location Shelving location Date acquired Source of acquisition Cost, normal purchase price Total Checkouts Full call number Date last seen Date checked out Copy number Koha item type
  Dewey Decimal Classification     Non-fiction Central Library, University of Rajshahi Central Library, University of Rajshahi   27/08/1996 Uttarbanga Library, Rajshahi 100.00 1 B 294.59214 YAJ V-4 1989 08/11/2017 22/10/2017 C-2 Books
  Dewey Decimal Classification     Non-fiction Central Library, University of Rajshahi Central Library, University of Rajshahi   27/08/1996 Aligorh Library, Rajshahi 100.00   B 294.59214 YAJ V-4 1989 29/05/2016   C-3 Books
  Dewey Decimal Classification     Non-fiction Central Library, University of Rajshahi Central Library, University of Rajshahi   27/08/1996 Aligorh Library, Rajshahi 100.00   B 294.59214 YAJ V-4 1975 20/07/2016   C-4 Books
  Dewey Decimal Classification   Not For Loan Non-fiction Central Library, University of Rajshahi Central Library, University of Rajshahi Reading Room 26/05/1996 Uttorbanga Library : Rajshahi 434.00   B 294.59214 YAJ V-4 1989 13/11/2018   C-1 Books